Maklumat asas pendidikan swasta : perkongsian pintar penjana pendidikan berkualiti.
| Corporate Author: | |
|---|---|
| Format: | Book |
| Published: |
Putrajaya:
Jabatan Pelajaran Swasta, Kementerian Pelajaran Malaysia,
2007.
|
| Subjects: |
| LEADER | 00512cam a2200145 7i4500 | ||
|---|---|---|---|
| 001 | 0000024864 | ||
| 005 | 20160225090000.0 | ||
| 090 | 0 | 0 | |a M 370 |b KEM |
| 110 | 2 | 0 | |a Kementerian Pelajaran Malaysia |
| 245 | 2 | 0 | |a Maklumat asas pendidikan swasta : |b perkongsian pintar penjana pendidikan berkualiti. |
| 260 | 0 | 0 | |a Putrajaya: |b Jabatan Pelajaran Swasta, Kementerian Pelajaran Malaysia, |c 2007. |
| 300 | # | # | |a 105 p. |
| 650 | 0 | 0 | |a Education -- |z Malaysia |
| 651 | 0 | 0 | |a Malaysia |
| 999 | |a 0000021551 |b Book |c Services |e Business Information Centre | ||